Pharmacology made insanely easy/ (Record no. 5503)

MARC details
000 -LEADER
fixed length control field 00752nam a22002297a 4500
003 - CONTROL NUMBER IDENTIFIER
control field OSt
005 - DATE AND TIME OF LATEST TRANSACTION
control field 20251105085520.0
008 - FIXED-LENGTH DATA ELEMENTS--GENERAL INFORMATION
fixed length control field 251105b |||||||| |||| 00| 0 eng d
020 ## - INTERNATIONAL STANDARD BOOK NUMBER
International Standard Book Number 978-974-9823-52-1.
040 ## - CATALOGING SOURCE
Original cataloging agency DWCL Main lib
Transcribing agency OC
082 ## - DEWEY DECIMAL CLASSIFICATION NUMBER
Edition number 2nd edition
Classification number Circ. 615.1 M284p 2005
100 ## - MAIN ENTRY--PERSONAL NAME
Personal name Manning, Loretta
245 ## - TITLE STATEMENT
Title Pharmacology made insanely easy/
Statement of responsibility, etc. Loretta Manning
250 ## - EDITION STATEMENT
Edition statement 2nd edition
260 ## - PUBLICATION, DISTRIBUTION, ETC.
Place of publication, distribution, etc. Bossier City, la.
Name of publisher, distributor, etc. : I CAN Pub., Inc.,
Date of publication, distribution, etc. c2005.
300 ## - PHYSICAL DESCRIPTION
Extent 346 pages.
Other physical details : illustrations
Dimensions 21 centimeters.
504 ## - BIBLIOGRAPHY, ETC. NOTE
Bibliography, etc. note Includes index.
650 ## - SUBJECT ADDED ENTRY--TOPICAL TERM
Topical term or geographic name entry element 1. Pharmacology-Handbooks, manuals, etc.
650 ## - SUBJECT ADDED ENTRY--TOPICAL TERM
Topical term or geographic name entry element 2. Pharmacology-Handbooks.
700 ## - ADDED ENTRY--PERSONAL NAME
Personal name Rayfield, Sylvia
942 ## - ADDED ENTRY ELEMENTS (KOHA)
Source of classification or shelving scheme Dewey Decimal Classification
Koha item type Book Circulation
Edition 2nd edition
Classification part Circ.
Suppress in OPAC No
952 ## - LOCATION AND ITEM INFORMATION (KOHA)
--
Holdings
Withdrawn status Lost status Source of classification or shelving scheme Damaged status Not for loan Home library Current library Shelving location Date acquired Source of acquisition Cost, normal purchase price Total Checkouts Full call number Barcode Date last seen Copy number Price effective from Koha item type Uniform Resource Identifier
    Dewey Decimal Classification     College Library College Library Circulation 09/18/2008 Donation 0.00   Circ. 615.1 M284p 2005 CL46186 11/05/2025 c1 11/05/2025 BK-CIRC